Statistics for Famous Animals Quiz #3

Click here to take the quiz!

General Stats

  • This quiz has been taken 32,617 times
  • The average score is 14 of 21

Answer Stats

Animal Type % Correct
SnoopyDog
100%
Winnie-the-PoohBear
93%
Stuart LittleMouse
90%
Donkey KongGorilla
86%
ScarLion
86%
SonicHedgehog
83%
Curious GeorgeMonkey
83%
DonatelloTurtle
75%
DollySheep
70%
GromitDog
65%
White FangWolf-Dog
65%
Shere KhanTiger
63%
HeathcliffCat
59%
ItchyMouse
59%
SecretariatHorse
58%
NaginiSnake
53%
Mr. EdHorse
52%
IagoParrot
42%
Gentle BenBear
35%
ShelobSpider
28%
PetuniaPig
27%

Score Distribution

Percentile by Number Answered

Percent of People with Each Score

Your Score History

You have not taken this quiz